ˆ"‰Вопросы туберкулеза", библиотека. N 7: Легочный туберкулез и ошибки, связанные с его диагностикой (Запись № 13582880)

Подробности
000 -МАРКЕР
контрольное поле 00914nam2a2200241 4500
001 - ИДЕНТИФИКАТОР ЗАПИСИ
контрольное поле rc\2872685
005 - ИДЕНТИФИКАТОР ВЕРСИИ
контрольное поле 20260315051744.0
035 ## - ДРУГИЕ СИСТЕМНЫЕ НОМЕРА
Идентификатор записи (NLR Aleph) 007025953
100 ## - ДАННЫЕ ОБЩЕЙ ОБРАБОТКИ
Данные общей обработки 20110715d1929 u y0rusy50 ca
101 0# - ЯЗЫК РЕСУРСА
Язык текста, звукозаписи и т.д. русский
102 ## - СТРАНА ПУБЛИКАЦИИ ИЛИ ПРОИЗВОДСТВА
Страна публикации Российская Федерация
105 ## - ПОЛЕ КОДИРОВАННЫХ ДАННЫХ: ТЕКСТОВЫЕ МАТЕРИАЛЫ, МОНОГРАФИЧЕСКИЕ
Кодированные данные о монографическом текстовом документе y z |||||
200 1# - ЗАГЛАВИЕ И СВЕДЕНИЯ ОБ ОТВЕТСТВЕННОСТИ
Основное заглавие Легочный туберкулез и ошибки, связанные с его диагностикой
210 ## - ПУБЛИКАЦИЯ, РАСПРОСТРАНЕНИЕ И ДР.
Дата издания, распространения и т.д. 1929
461 #0 - УРОВЕНЬ НАБОРА
Встроенное поле 001rc\2872678
-- 2001#$aˆ"‰Вопросы туберкулеза", библиотека$eВып. 1-$vN 7
Системный номер (АБИС) связанной записи 5955304
Место публикации [Москва]
Дата публикации 1928-1930
Имя издателя, распространителя и т.д. изд-во Наркомздрава РСФСР
Сведения, относящиеся к заглавию Вып. 1-
Заглавие ˆ"‰Вопросы туберкулеза", библиотека
Номер тома N 7
700 #1 - ИМЯ ЛИЦА - ПЕРВИЧНАЯ ОТВЕТСТВЕННОСТЬ
Начальный элемент ввода Николь
Часть имени, кроме начального элемента ввода К.
701 #1 - ИМЯ ЛИЦА - АЛЬТЕРНАТИВНАЯ ОТВЕТСТВЕННОСТЬ
Начальный элемент ввода Шредер
Часть имени, кроме начального элемента ввода Г.
801 #0 - ИСТОЧНИК ЗАПИСИ
Страна Российская Федерация
Организация NLR
Правила каталогизации psbo
801 #1 - ИСТОЧНИК ЗАПИСИ
Страна Российская Федерация
Организация ELAR
Источник данных rusmarc
852 ## - МЕСТОНАХОЖДЕНИЕ И ШИФР ХРАНЕНИЯ
Идентификатор организации NLR
Шифр хранения (Call Number) 46/117
942 ## - ДОПОЛНИТЕЛЬНЫЕ ЭЛЕМЕНТЫ ЗАПИСИ (АБИС)
Тип экземпляра АБИС Неопределено
980 ## - КОЛЛЕКЦИЯ
Название коллекции Национальная библиография

Нет доступных экземпляров.